20 World Capitals Likely to be Closest to Random Point on Ocean - Statistics

General Stats
  • This quiz has been taken 586 times
  • The average score is 9 of 20
Answer Stats
% Capital % Correct
4.1% Tokyo
82%
3.7% Canberra
77%
5.6% Wellington
71%
4.7% Santiago
62%
3.0% Jakarta
61%
6.8% Mexico City
52%
2.6% Lima
51%
4.6% Cape Town
50%
2.7% Reykjavík
49%
1.7% Brasília
46%
1.6% Ottawa
45%
1.7% Malé
37%
3.5% Montevideo
35%
6.0% Apia
33%
4.4% Port Louis
27%
1.9% Nukuʻalofa
26%
2.1% Praia
25%
4.5% Majuro
23%
1.5% Ngerulmud
21%
1.6% Palikir
21%
No matching quizzes found
Score Distribution
Percent of People with Each Score
Percentile by Number Answered
Your Score History
You have not taken this quiz